01632naa a2200193 a 450000100080000000500110000800800410001910000200006024501110008026000090019152010130020065000230121365000200123665300240125670000180128070000250129870000210132377300940134414875012015-11-13 2003 bl uuuu u00u1 u #d1 aSILVA, F. S. da aInfluência do teor de umidade na velocidade terminal de grãos de sorgo e milheto.h[electronic resource] c2003 aEste trabalho foi desenvolvido com o objetivo de determinar e avaliar o comportamento da velocidade terminal dos grãos de sorgo e milheto, em função do teor de umidade. Nos testes, foram utilizados produtos com teores de umidade na faixa de 9,05 a 29,53% b.s. e 8,58 a 32,45% b.s., respectivamente, para os grãos de sorgo e milheto. A análise dos resultados permitiu concluir que o comportamento da velocidade terminal, em relação ao teor de umidade, para ambos os produtos estudados, apresentou tendência semelhante à observada para a maioria dos grãos agrícolas, ou seja, para a faixa de umidade analisada, a velocidade terminal aumenta com a elevação do teor de umidade dos grãos. Os valores desta propriedade física, para os grãos de sorgo, foram superiores aos encontrados para os grãos de milheto e, ainda, o modelo linear ajustou-se adequadamente aos dados experimentais, apresentando coeficientes de determinação (r2) superiores a 0,85 e valores de erro médio (P) inferiores a 5%. aPennisetum Glaucum aSorghum Bicolor aVelocidade terminal1 aCORREA, P. C.1 aAFONSO JUNIOR, P. C.1 aGONELI, A. L. D. tRevista Brasileira de Milho e Sorgo, Sete Lagoasgv. 2, n. 3, p. 143-147, set./dez. 2003.